000
00311nam a2200133 a 4500
005
20140414132056.0
008
100520s19uu xx 00 eng d
050
_a
M 793.2
_b
W24 1999
100
_a
Warner, Penny
245
_a
Baby birthday parties.
650
_a
Birthday
999
_c
114309
_d
114309